Jak ten piłkarz ma na imię ? - Statystyki

Ogólne statystyki
  • Ten quiz został rozwiązany 16 razy
  • Średni wynik to 5 z 10
Statystyki odpowiedzi
Nazwisko Imię % Poprawnych
Schweinsteiger Bastian
87%
Sabitzer Marcel
87%
Roque Vitor
87%
Lamela Erik
53%
Ogbonna Angelo
47%
Lanzini Manuel
40%
Terrier Martin
27%
Boey Sacha
27%
Sallai Rolland
20%
Ajorque Ludovic
13%
Nie znaleziono quizów pasujących do podanych kryteriów
Rozkład punktacji
Procent ludzi z każdym wynikiem
Percentyl według liczby udzielonych odpowiedzi
Twoja historia wyników
Nie rozwiązałeś tego quizu